00579nam a22001577a 450000500170000001000150001702000260003203500140005803700130007208200140008524501330009926000420023227000470027430000220032170000780034320230403104329.0 aENG-136587 c810.00a9789391373030 aEN-120119 bDBAD/PUB a338.10954 aEmerging trends in agribusiness management in india /cEdited by Vivekanand A. Ughade;Narayan D. Arundhekar;Dhananjay Awasarikar aTamil NadubShanlax Publicationc2021 aVasantha Nagar MaduraibTamil Nadue625003 a204p.;c22cm(pbk) aEdited by Vivekanand A. Ughade;Narayan D. Arundhekar;Dhananjay Awasarika